[Event "Imola op 3rd"]
[Site "Imola"]
[Date "2021.12.07"]
[Round "3"]
[White "Binder, Andrea"]
[Black "Agostini, Maurizio"]
[Result "1/2-1/2"]
[WhiteElo "1850"]
[BlackElo "1972"]
[PlyCount "90"]
[EventDate "2021.12.06"]
[EventType "swiss"]
[EventRounds "5"]
[EventCountry "ITA"]
[SourceTitle "CBM 205 Extra"]
[Source "ChessBase"]
[SourceDate "2022.01.31"]
[SourceVersion "1"]
[SourceVersionDate "2022.01.31"]
[SourceQuality "1"]

1. e4 c5 2. Nc3 g6 3. g3 Bg7 4. Bg2 Nc6 5. d3 d6 6. f4 e6 7. Nf3 Nge7 8. 0-0 0-0 9. Kh1 Rb8 10. Rb1 d5 11. Qe2 b5 12. Qf2 Qb6 13. Re1 d4 14. Nd1 c4 15. e5 cxd3 16. cxd3 Nd5 17. b3 Rd8 18. a3 b4 19. a4 Ba6 20. Bf1 Rbc8 21. Nd2 Nc3 22. Rb2 Ne7 23. Nc4 Bxc4 24. dxc4 Rd7 25. Qf3 Rcd8 26. Nf2 Nf5 27. Bd3 a5 28. Bxf5 exf5 29. Nd3 Ne4 30. Rc2 Qc6 31. Kg2 Rc7 32. Bb2 f6 33. exf6 Bxf6 34. Rce2 Re7 35. Bc1 Rde8 36. Bb2 Qd6 37. Kf1 Qe6 38. Kg2 Qd6 39. Kf1 Re6 40. Kg2 Qe7 41. Bc1 Qd8 42. Kf1 h5 43. h4 Bxh4 44. gxh4 Qxh4 45. Kg2 Qf6 1/2-1/2

[Event "Chioggia op-A 12th"]
[Site "Chioggia"]
[Date "2017.10.08"]
[Round "4"]
[White "Bacchini, Stefano"]
[Black "Binder, Andrea"]
[Result "0-1"]
[WhiteElo "1972"]
[BlackElo "1952"]
[PlyCount "84"]
[EventDate "2017.10.06"]
[EventType "swiss"]
[EventRounds "5"]
[EventCountry "ITA"]
[SourceTitle "EXT 2022"]
[Source "ChessBase"]
[SourceDate "2021.10.06"]
[SourceVersion "1"]
[SourceVersionDate "2021.10.06"]
[SourceQuality "1"]

1. f4 d6 2. Nf3 g6 3. e4 Bg7 4. Be2 Nf6 5. d3 0-0 6. c3 c5 7. 0-0 Qc7 8. Nbd2 Nc6 9. Qe1 b5 10. Ng5 Bd7 11. Qh4 h6 12. Nh3 Qc8 13. Nf2 Nh7 14. g4 f6 15. Nf3 e6 16. Qg3 d5 17. h4 Qc7 18. g5 fxg5 19. hxg5 h5 20. Nh4 Ne7 21. Bf3 Rab8 22. Kg2 b4 23. e5 bxc3 24. bxc3 Qa5 25. Be3 Nf5 26. Nxf5 Rxf5 27. Rab1 Rff8 28. Qh3 Qxa2 29. Ra1 Qb2 30. Bxc5 Rxf4 31. Qh1 Bxe5 32. d4 Qxc3 33. Ra3 Rb3 34. Rxb3 Qxb3 35. Nh3 Rg4+ 36. Kf2 Qb2+ 37. Ke1 Qc1+ 38. Kf2 Qd2+ 39. Be2 Bb5 40. Ng1 Bg3+ 41. Kf3 Qf4+ 42. Kg2 Bf2+ 0-1

[Event "Chioggia op-A 12th"]
[Site "Chioggia"]
[Date "2017.10.08"]
[Round "5"]
[White "Smole, Albert"]
[Black "Binder, Andrea"]
[Result "1/2-1/2"]
[WhiteElo "2071"]
[BlackElo "1952"]
[PlyCount "74"]
[EventDate "2017.10.06"]
[EventType "swiss"]
[EventRounds "5"]
[EventCountry "ITA"]
[SourceTitle "EXT 2022"]
[Source "ChessBase"]
[SourceDate "2021.10.06"]
[SourceVersion "1"]
[SourceVersionDate "2021.10.06"]
[SourceQuality "1"]

1. e4 d6 2. d4 Nf6 3. Nc3 g6 4. Be3 c6 5. Qd2 b5 6. a3 Nbd7 7. h3 e5 8. Nf3 Bb7 9. Bh6 Bxh6 10. Qxh6 Qe7 11. Bd3 a6 12. dxe5 dxe5 13. 0-0 Ng8 14. Qe3 Ngf6 15. Rfe1 0-0 16. Bf1 Rfe8 17. Rad1 c5 18. Nd2 Nf8 19. Ne2 Ne6 20. c3 c4 21. Nc1 Nc5 22. f3 Nh5 23. Kh2 Rac8 24. Nb1 Red8 25. g3 Ng7 26. Be2 Nge6 27. Rxd8+ Rxd8 28. Rd1 Na4 29. b3 cxb3 30. Nxb3 Rxd1 31. Bxd1 Qd6 32. Be2 Qb6 33. Qxb6 Nxb6 34. Kg2 f5 35. exf5 gxf5 36. Kf2 Kf7 37. N3d2 Bd5 1/2-1/2

[Event "Chioggia op-A 12th"]
[Site "Chioggia"]
[Date "2017.10.07"]
[Round "2"]
[White "Zenari, Marco"]
[Black "Binder, Andrea"]
[Result "1-0"]
[WhiteElo "2021"]
[BlackElo "1952"]
[PlyCount "61"]
[EventDate "2017.10.06"]
[EventType "swiss"]
[EventRounds "5"]
[EventCountry "ITA"]
[SourceTitle "EXT 2022"]
[Source "ChessBase"]
[SourceDate "2021.10.06"]
[SourceVersion "1"]
[SourceVersionDate "2021.10.06"]
[SourceQuality "1"]

1. e4 d6 2. d4 Nf6 3. Nc3 g6 4. Be3 c6 5. Qd2 b5 6. Bd3 Nbd7 7. Nf3 e5 8. dxe5 dxe5 9. h3 a6 10. a4 Bb7 11. 0-0 Bg7 12. Ne2 Qe7 13. Ng3 0-0 14. c4 b4 15. c5 a5 16. Qc2 Rfd8 17. Nd2 Bf8 18. Nb3 Ne8 19. Rfd1 Nc7 20. Nf1 Ne6 21. Rac1 Qh4 22. Bc4 Nf4 23. f3 Qg5 24. Kh1 Qh4 25. Qf2 Qh6 26. Nfd2 Bg7 27. Bf1 Bf6 28. Nc4 Ba6 29. Re1 Bxc4 30. Bxc4 Nf8 31. Bd2 1-0

[Event "Verona op-A"]
[Site "Verona"]
[Date "2017.01.05"]
[Round "6"]
[White "Binder, Andrea"]
[Black "Rebeggiani, Andrea"]
[Result "0-1"]
[WhiteElo "2000"]
[BlackElo "1949"]
[PlyCount "44"]
[EventDate "2017.01.02"]
[EventType "swiss"]
[EventRounds "7"]
[EventCountry "ITA"]
[SourceTitle "CBM 176 Extra"]
[Source "ChessBase"]
[SourceDate "2017.03.02"]
[SourceVersion "1"]
[SourceVersionDate "2017.03.02"]
[SourceQuality "1"]

1. e4 e5 2. Nf3 Nc6 3. d4 exd4 4. Nxd4 Nf6 5. Nxc6 bxc6 6. Bd3 d5 7. Qe2 Bb4+ 8. Nd2 0-0 9. c3 Bd6 10. 0-0 Re8 11. Re1 dxe4 12. Nxe4 Nxe4 13. Bxe4 Bf5 14. f3 Qh4 15. h3 Qg3 16. Kf1 Bxe4 17. fxe4 Re6 18. Qe3 Rf6+ 19. Ke2 Qxg2+ 20. Kd1 Bf4 21. Re2 Qf1+ 22. Re1 Rd8+ 0-1

[Event "Verona op-A"]
[Site "Verona"]
[Date "2017.01.03"]
[Round "2"]
[White "Binder, Andrea"]
[Black "Russo, Leonardo"]
[Result "1/2-1/2"]
[WhiteElo "2000"]
[BlackElo "1910"]
[PlyCount "103"]
[EventDate "2017.01.02"]
[EventType "swiss"]
[EventRounds "7"]
[EventCountry "ITA"]
[SourceTitle "CBM 176 Extra"]
[Source "ChessBase"]
[SourceDate "2017.03.02"]
[SourceVersion "1"]
[SourceVersionDate "2017.03.02"]
[SourceQuality "1"]

1. e4 e6 2. d3 d5 3. Nd2 c5 4. Ngf3 Nc6 5. g3 Nf6 6. Bg2 Be7 7. 0-0 Qc7 8. Re1 a6 9. a4 b6 10. Nf1 dxe4 11. dxe4 Bb7 12. c3 Rd8 13. Qe2 Qd7 14. e5 Nd5 15. Bg5 h6 16. Bxe7 Ndxe7 17. Rad1 Qc7 18. N1d2 Nc8 19. Nc4 Ke7 20. Nfd2 a5 21. f4 g6 22. Ne4 Ba6 23. b3 Rxd1 24. Rxd1 Rd8 25. Rd2 Bxc4 26. Qxc4 Rxd2 27. Nxd2 N6a7 28. Qe4 b5 29. Qe2 bxa4 30. bxa4 Nb6 31. Qe4 Qd7 32. Nc4 Nxa4 33. Nxa5 Nxc3 34. Qc4 Qd4+ 35. Qxd4 cxd4 36. Kf2 Nab5 37. Ke1 f6 38. exf6+ Kxf6 39. Kd2 g5 40. fxg5+ hxg5 41. Kd3 e5 42. Nc6 Kf5 43. Bh3+ g4 44. Bg2 e4+ 45. Bxe4+ Nxe4 46. Ne7+ Ke6 47. Nc6 Kd6 48. Nxd4 Nxd4 49. Kxd4 Nd2 50. Ke3 Nf3 51. h4 gxh3 52. Kxf3 1/2-1/2

[Event "Arco Christmas op 3rd"]
[Site "Arco"]
[Date "2012.12.27"]
[Round "3"]
[White "Raineri, Valerio"]
[Black "Binder, Andrea"]
[Result "1/2-1/2"]
[WhiteElo "2151"]
[BlackElo "1882"]
[PlyCount "77"]
[EventDate "2012.12.26"]
[EventType "swiss"]
[EventRounds "7"]
[EventCountry "ITA"]
[SourceTitle "CBM 152 Extra"]
[Source "ChessBase"]
[SourceDate "2013.02.25"]
[SourceVersion "1"]
[SourceVersionDate "2013.02.25"]
[SourceQuality "1"]

1. e4 d6 2. d4 Nf6 3. Nc3 g6 4. Be3 c6 5. f3 b5 6. Qd2 Nbd7 7. Nd1 Nb6 8. Bd3 a6 9. Ne2 Rb8 10. b3 e5 11. c3 Be6 12. Nf2 c5 13. d5 Bd7 14. 0-0 Bg7 15. f4 Ng4 16. Nxg4 Bxg4 17. Rac1 0-0 18. Ng3 exf4 19. Bxf4 Qe7 20. h3 Bc8 21. Bh6 Nd7 22. Bxg7 Kxg7 23. Rf4 Ne5 24. Rcf1 b4 25. c4 Bd7 26. Bc2 a5 27. Qf2 a4 28. Rf6 axb3 29. axb3 Ra8 30. Qf4 Ra2 31. Bd1 Ra6 32. Qg5 Kh8 33. h4 Rg8 34. Qf4 Bf5 35. Qg5 Bd7 36. Qh6 Bf5 37. Qg5 Bd7 38. Qf4 Bf5 39. Qg5 1/2-1/2

[Event "Cento op 1st"]
[Site "Cento"]
[Date "2011.02.07"]
[Round "3"]
[White "Binder, Andrea"]
[Black "Castelli, Abele"]
[Result "1-0"]
[WhiteElo "1915"]
[BlackElo "1684"]
[PlyCount "163"]
[EventDate "2011.02.05"]
[EventType "swiss"]
[EventRounds "9"]
[EventCountry "ITA"]
[SourceTitle "CBM 140 Extra"]
[Source "ChessBase"]
[SourceDate "2011.03.01"]
[SourceVersion "1"]
[SourceVersionDate "2011.03.01"]
[SourceQuality "1"]

1. Nf3 a6 2. g3 b5 3. Bg2 Bb7 4. 0-0 d6 5. d3 e5 6. e4 Be7 7. Qe2 Nf6 8. Nbd2 Nc6 9. c3 0-0 10. Nh4 Ne8 11. Nf5 Bc8 12. f4 g6 13. Nxe7+ Qxe7 14. f5 g5 15. Nf3 f6 16. Be3 Rb8 17. b4 Bb7 18. a4 Nd8 19. axb5 axb5 20. Nd2 Qf7 21. Ra5 c6 22. Bf3 Ra8 23. Rfa1 Rxa5 24. Rxa5 Ng7 25. Ra7 Qc7 26. Qf2 Nf7 27. Bb6 Qd7 28. Nb3 Ra8 29. Qa2 Rxa7 30. Qxa7 Bc8 31. Na5 Qxa7 32. Bxa7 Bd7 33. Bb8 Kf8 34. Nb7 Ke7 35. Bd1 Bc8 36. Na5 Kd7 37. Bb3 Nd8 38. Bg8 h6 39. Nb3 Nb7 40. Kf2 Ke7 41. Nd2 Bd7 42. Ba2 Be8 43. Bb3 Bf7 44. c4 bxc4 45. dxc4 c5 46. b5 Kd7 47. Ke3 Kc8 48. Ba7 Nd8 49. Bb6 Ne8 50. Ba5 Nb7 51. Bc3 Kc7 52. Kd3 Kb6 53. Bd1 Na5 54. Be2 Ng7 55. Kc2 h5 56. h4 g4 57. Kb2 Ne8 58. Ka3 Nc7 59. Ka4 Nb7 60. Nb3 Be8 61. Bd2 Bd7 62. Bh6 Ne8 63. Bf8 Kc7 64. Be7 Kb6 65. Bxg4 hxg4 66. h5 Bxf5 67. exf5 e4 68. h6 e3 69. Nc1 d5 70. cxd5 Nbd6 71. Bxd6 Nxd6 72. h7 Nf7 73. d6 Nh8 74. Ne2 Nf7 75. Nc3 Kb7 76. Ka5 Nh8 77. b6 Nf7 78. Ne2 Nxd6 79. h8Q Nc4+ 80. Kb5 Nd6+ 81. Kxc5 Ne4+ 82. Kd4 1-0

[Event "Padova/Monselice Province 70th"]
[Site "Padova"]
[Date "2010.01.17"]
[Round "4.2"]
[White "Biagini, Leonardo"]
[Black "Binder, Andrea"]
[Result "1/2-1/2"]
[WhiteElo "1963"]
[BlackElo "1866"]
[PlyCount "57"]
[EventDate "2010.01.15"]
[EventType "swiss"]
[EventRounds "5"]
[EventCountry "ITA"]
[SourceTitle "EXT 2024"]
[Source "ChessBase"]
[SourceDate "2023.10.10"]
[SourceVersion "1"]
[SourceVersionDate "2023.10.10"]
[SourceQuality "1"]

1. e4 d6 2. d4 Nf6 3. Nc3 g6 4. h3 Nbd7 5. Be3 c6 6. Be2 Qc7 7. Nf3 Bg7 8. Qd2 b5 9. a3 a6 10. Bh6 0-0 11. Bxg7 Kxg7 12. g4 e5 13. Qe3 Bb7 14. dxe5 dxe5 15. Nd2 Ng8 16. g5 Ne7 17. h4 c5 18. Bf3 Nb6 19. Ne2 c4 20. Bg2 Rad8 21. f4 exf4 22. Nxf4 Na4 23. b3 cxb3 24. cxb3 Qc3 25. Qxc3+ Nxc3 26. Rc1 Rc8 27. Rh3 Na2 28. Ra1 Nc3 29. Rc1 1/2-1/2

[Event "Pedavena op-A 2nd"]
[Site "Pedavena"]
[Date "2006.08.05"]
[Round "7"]
[White "Ottolini, Graziano"]
[Black "Binder, Andrea"]
[Result "1/2-1/2"]
[WhiteElo "2084"]
[BlackElo "1691"]
[PlyCount "26"]
[EventDate "2006.08.01"]
[EventType "swiss"]
[EventRounds "7"]
[EventCountry "ITA"]
[SourceTitle "EXT 2023"]
[Source "ChessBase"]
[SourceDate "2022.10.05"]
[SourceVersion "1"]
[SourceVersionDate "2022.10.05"]
[SourceQuality "1"]

1. e4 d6 2. d4 Nf6 3. Nc3 g6 4. f4 Bg7 5. Nf3 0-0 6. Be3 c5 7. Qd2 cxd4 8. Bxd4 Nc6 9. Bg1 a6 10. 0-0-0 Qa5 11. Kb1 b5 12. Nd4 Bb7 13. Nb3 Qc7 1/2-1/2

[Event "Pedavena op-A 2nd"]
[Site "Pedavena"]
[Date "2006.08.01"]
[Round "1"]
[White "Binder, Andrea"]
[Black "Cammarota, Vittorio"]
[Result "1/2-1/2"]
[WhiteElo "1691"]
[BlackElo "2002"]
[PlyCount "139"]
[EventDate "2006.08.01"]
[EventType "swiss"]
[EventRounds "7"]
[EventCountry "ITA"]
[SourceTitle "EXT 2023"]
[Source "ChessBase"]
[SourceDate "2022.10.05"]
[SourceVersion "1"]
[SourceVersionDate "2022.10.05"]
[SourceQuality "1"]

1. Nf3 d5 2. c4 Nf6 3. b3 e6 4. Bb2 c6 5. g3 Nbd7 6. Bg2 Bd6 7. 0-0 Rb8 8. d3 0-0 9. Nbd2 b5 10. cxb5 cxb5 11. e4 Be7 12. Nd4 Qb6 13. Rc1 Bb7 14. Qe2 Rfe8 15. e5 Bc5 16. Nc2 Rbc8 17. exf6 Nxf6 18. Be5 Be7 19. d4 Qa5 20. Ne3 b4 21. Rfe1 Ba6 22. Qd1 Rxc1 23. Qxc1 Qxa2 24. Bxf6 Bxf6 25. Nxd5 Rc8 26. Nxf6+ gxf6 27. Qd1 Rc2 28. Qg4+ Kf8 29. Nc4 Rxf2 30. Bc6 Rxh2 31. Qf4 Bxc4 32. bxc4 b3 33. Be4 Rh3 34. Kf1 b2 35. Qb8+ Kg7 36. Qf4 Qxc4+ 37. Kg2 Rh6 38. Qd2 f5 39. Bb1 Qc6+ 40. d5 Qxd5+ 41. Qxd5 exd5 42. Bxf5 a5 43. Rb1 Rb6 44. Kf3 a4 45. Rd1 a3 46. Bb1 Rb3+ 47. Kf2 Rb5 48. Ke3 h6 49. Rd3 Ra5 50. Ba2 Kf6 51. Kd4 Ke6 52. Rb3 Kf5 53. Ke3 Ke5 54. Kd3 f6 55. Ke3 Ra7 56. Kd3 Rg7 57. Ke2 Ra7 58. Kd3 Ra4 59. Ke3 h5 60. Kd3 f5 61. Ke3 h4 62. gxh4 Rxh4 63. Ke2 Re4+ 64. Kd2 Ra4 65. Ke3 f4+ 66. Kf3 Kf6 67. Rd3 Ra5 68. Kxf4 Ra4+ 69. Ke3 Re4+ 70. Kd2 1/2-1/2

[Event "Padova op-A 5th"]
[Site "Padova"]
[Date "2002.12.15"]
[Round "2.43"]
[White "Boaretto, Vanni"]
[Black "Binder, Andrea"]
[Result "1-0"]
[WhiteElo "1500"]
[BlackElo "1603"]
[PlyCount "68"]
[EventDate "2002.12.14"]
[EventType "swiss"]
[EventRounds "6"]
[EventCountry "ITA"]
[SourceTitle "EXT 2023"]
[Source "ChessBase"]
[SourceDate "2022.10.05"]
[SourceVersion "1"]
[SourceVersionDate "2022.10.05"]
[SourceQuality "1"]

1. e4 d6 2. d4 Nf6 3. Nc3 g6 4. Nf3 Bg7 5. Bg5 0-0 6. Qd2 c6 7. Bh6 b5 8. Bxg7 Kxg7 9. Bd3 Qc7 10. h4 e5 11. 0-0-0 Bg4 12. Rdg1 Bxf3 13. gxf3 Nh5 14. Qg5 Nf4 15. h5 f6 16. Qg3 g5 17. h6+ Kh8 18. dxe5 dxe5 19. Ne2 Nxd3+ 20. cxd3 Nd7 21. d4 Rg8 22. Qh3 Qd6 23. dxe5 Nxe5 24. Rd1 Nd3+ 25. Kb1 c5 26. Qf5 c4 27. Nc3 Qd4 28. Rd2 Qe5 29. Qxe5 Nxe5 30. Nxb5 Nxf3 31. Rd6 Rgf8 32. Rc1 Ne5 33. Re6 Nd3 34. f4 g4 1-0